[Event "POL-chT 2nd League"]
[Site "Jastrzebia Gora"]
[Date "2024.09.06"]
[Round "7.33"]
[White "Papka, Sebastian"]
[Black "Krainski, Aleksander"]
[Result "1/2-1/2"]
[WhiteElo "2093"]
[BlackElo "2031"]
[PlyCount "35"]
[EventDate "2024.08.31"]
[EventType "team-swiss"]
[EventRounds "9"]
[EventCountry "POL"]
[SourceTitle "EXT 2025"]
[Source "ChessBase"]
[SourceDate "2024.10.14"]
[SourceVersion "1"]
[SourceVersionDate "2024.10.14"]
[SourceQuality "1"]
[WhiteTeam "Torun AZS UMK"]
[BlackTeam "Grudziadz Rotmistrz"]
[WhiteTeamCountry "POL"]
[BlackTeamCountry "POL"]

1. d4 d5 2. c4 e6 3. g3 Nf6 4. Bg2 Be7 5. Nf3 0-0 6. b3 c6 7. 0-0 b6 8. Ne5 Bb7 9. Bb2 Nbd7 10. Nd2 c5 11. Ndf3 Rc8 12. Rc1 Rc7 13. Nxd7 Qxd7 14. Ne5 Qc8 15. Qd2 dxc4 16. Bxb7 Qxb7 17. Rxc4 cxd4 18. Bxd4 1/2-1/2

[Event "POL-chT 2nd League"]
[Site "Jastrzebia Gora"]
[Date "2023.09.07"]
[Round "6.122"]
[White "Sielicki, Tomasz"]
[Black "Papka, Sebastian"]
[Result "0-1"]
[WhiteElo "1956"]
[BlackElo "2107"]
[PlyCount "116"]
[EventDate "2023.09.02"]
[EventType "team-swiss"]
[EventRounds "9"]
[EventCountry "POL"]
[SourceTitle "CBM 216 Extra"]
[Source "ChessBase"]
[SourceDate "2023.11.30"]
[SourceVersion "1"]
[SourceVersionDate "2023.11.30"]
[SourceQuality "1"]
[WhiteTeam "Skoczek Trojanski"]
[BlackTeam "Torun UMK"]
[WhiteTeamCountry "POL"]
[BlackTeamCountry "POL"]

1. d4 Nf6 2. Bg5 Ne4 3. Bf4 d5 4. e3 e6 5. Bd3 b6 6. Nd2 Bb7 7. f3 Nxd2 8. Qxd2 Bd6 9. Bg3 c5 10. c3 Nc6 11. f4 c4 12. Bc2 f5 13. Nf3 0-0 14. Bh4 Qe8 15. 0-0 b5 16. Kh1 a5 17. g4 b4 18. gxf5 exf5 19. Rg1 a4 20. Rae1 a3 21. b3 bxc3 22. Qg2 g6 23. Ne5 Bxe5 24. fxe5 Qd7 25. Bf6 cxb3 26. Bxb3 Nb4 27. Qh3 Rxf6 28. exf6 Rf8 29. e4 Rxf6 30. exf5 Ba6 31. Re6 Nd3 32. Qf3 Rxe6 33. fxe6 Qe7 34. Bxd5 c2 35. Qe3 Bb7 36. Qf3 Nf2+ 37. Kg2 Nd1 38. Bxb7 c1Q 39. Rxd1 Qb2+ 40. Kh1 Qbxb7 41. Qxb7 Qxb7+ 42. d5 Kf8 43. Kg1 Ke7 44. d6+ Kxe6 45. d7 Qxd7 46. Rxd7 Kxd7 47. Kf2 Ke6 48. Ke3 Ke5 49. Kd3 g5 50. Kc3 g4 51. Kd3 h5 52. Ke3 h4 53. Kf2 Kd4 54. Ke2 Kc3 55. Ke3 g3 56. hxg3 hxg3 57. Kf3 Kb2 58. Kxg3 Kxa2 0-1

[Event "POL-chT 2nd League"]
[Site "Jastrzebia Gora"]
[Date "2023.09.02"]
[Round "1.50"]
[White "Papka, Sebastian"]
[Black "Kosiorek, Marek"]
[Result "0-1"]
[WhiteElo "2107"]
[BlackElo "2259"]
[PlyCount "82"]
[EventDate "2023.09.02"]
[EventType "team-swiss"]
[EventRounds "9"]
[EventCountry "POL"]
[SourceTitle "CBM 216 Extra"]
[Source "ChessBase"]
[SourceDate "2023.11.30"]
[SourceVersion "1"]
[SourceVersionDate "2023.11.30"]
[SourceQuality "1"]
[WhiteTeam "Torun UMK"]
[BlackTeam "Zielonka Zieloni"]
[WhiteTeamCountry "POL"]
[BlackTeamCountry "POL"]

1. d4 d5 2. Nf3 e6 3. c4 a6 4. cxd5 exd5 5. Nc3 c6 6. g3 Bf5 7. Qb3 Ra7 8. Bf4 Nf6 9. Bg2 Be7 10. a4 a5 11. 0-0 0-0 12. Rfd1 Na6 13. Ne5 Nb4 14. Rac1 h6 15. Na2 Nxa2 16. Qxa2 Qb6 17. Nd3 Raa8 18. Nc5 Nd7 19. Be3 Rae8 20. Bf3 Nxc5 21. dxc5 Qd8 22. Qb3 Bc8 23. Bd2 g5 24. e4 dxe4 25. Bxe4 Qd4 26. Qc2 f5 27. Qb3+ Kh7 28. Bb1 Bxc5 29. Qf3 g4 30. Qg2 Re2 31. Be3 Qxe3 32. fxe3 Bxe3+ 33. Kf1 Rxg2 34. Kxg2 Bxc1 35. Rxc1 Rd8 36. Rc2 Kg6 37. Kf2 Rd4 38. b3 Be6 39. Rb2 Rb4 40. Bc2 b5 41. axb5 cxb5 0-1

[Event "POL-chT 2nd League"]
[Site "Poronin"]
[Date "2020.09.09"]
[Round "5.20"]
[White "Pasionek, Ariel"]
[Black "Papka, Sebastian"]
[Result "1/2-1/2"]
[WhiteElo "1894"]
[BlackElo "2139"]
[PlyCount "72"]
[EventDate "2020.09.05"]
[EventType "team-swiss"]
[EventRounds "9"]
[EventCountry "POL"]
[SourceTitle "CBM 198 Extra"]
[Source "ChessBase"]
[SourceDate "2020.11.30"]
[SourceVersion "1"]
[SourceVersionDate "2020.11.30"]
[SourceQuality "1"]
[WhiteTeam "Ustrzyki Dolne"]
[BlackTeam "Konin Hetman"]
[WhiteTeamCountry "POL"]
[BlackTeamCountry "POL"]

1. e4 d5 2. exd5 Nf6 3. Bb5+ Bd7 4. Bc4 Bg4 5. f3 Bc8 6. Nc3 Nbd7 7. d3 Nb6 8. Bf4 Nfxd5 9. Qd2 e6 10. Bxd5 Nxd5 11. Nxd5 exd5 12. 0-0-0 Be6 13. Ne2 d4 14. Qa5 c5 15. Bc7 Qc8 16. Be5 f6 17. Bg3 b6 18. Qe1 Kf7 19. Nf4 Bd6 20. Nxe6 Qxe6 21. Bxd6 Qxd6 22. Qh4 Qd5 23. b3 a5 24. Rhe1 a4 25. Qe4 Qd7 26. Qg4 Qxg4 27. fxg4 h5 28. gxh5 Rxh5 29. h3 Rf5 30. Re2 axb3 31. axb3 Ra1+ 32. Kd2 Rxd1+ 33. Kxd1 Rf1+ 34. Re1 Rf2 35. Re2 Rf1+ 36. Re1 Rf2 1/2-1/2

[Event "POL-chT 2nd League"]
[Site "Poronin"]
[Date "2020.09.06"]
[Round "2.14"]
[White "Strzelecki, Jerzy"]
[Black "Papka, Sebastian"]
[Result "1-0"]
[WhiteElo "1946"]
[BlackElo "2139"]
[PlyCount "37"]
[EventDate "2020.09.05"]
[EventType "team-swiss"]
[EventRounds "9"]
[EventCountry "POL"]
[SourceTitle "CBM 198 Extra"]
[Source "ChessBase"]
[SourceDate "2020.11.30"]
[SourceVersion "1"]
[SourceVersionDate "2020.11.30"]
[SourceQuality "1"]
[WhiteTeam "Lodz Okucia Budowlane"]
[BlackTeam "Konin Hetman"]
[WhiteTeamCountry "POL"]
[BlackTeamCountry "POL"]

1. Nf3 Nf6 2. c4 c5 3. Nc3 Nc6 4. g3 d5 5. d4 e6 6. cxd5 exd5 7. Bg2 h6 8. 0-0 Be7 9. b3 0-0 10. Bb2 Be6 11. Rc1 Ne4 12. dxc5 Nxc5 13. Nd4 Qd7 14. Nxc6 bxc6 15. Qd4 f6 16. Rfd1 Nb7 17. Qa4 f5 18. Nxd5 Kh8 19. Nf4 1-0

[Event "Bydgoszcz-Torun"]
[Site "Bydgoszcz"]
[Date "2006.12.03"]
[Round "?.6"]
[White "Mazalon, Mariusz"]
[Black "Papka, Sebastian"]
[Result "0-1"]
[WhiteElo "2145"]
[BlackElo "2124"]
[PlyCount "76"]
[EventDate "2006.12.03"]
[EventType "team-match"]
[EventRounds "1"]
[EventCountry "POL"]
[SourceTitle "EXT 2018"]
[Source "ChessBase"]
[SourceDate "2017.10.13"]
[SourceVersion "1"]
[SourceVersionDate "2017.10.13"]
[SourceQuality "1"]

1. e4 e6 2. b3 d5 3. Bb2 d4 4. f4 c5 5. Nf3 Nf6 6. Bd3 Nc6 7. c3 c4 8. Bxc4 Nxe4 9. Qe2 Nd6 10. cxd4 Nb4 11. Na3 Be7 12. 0-0 0-0 13. Bc3 Nf5 14. Bxb4 Bxb4 15. Nc2 Be7 16. g4 Nd6 17. Bd3 b6 18. Ne5 Bb7 19. f5 exf5 20. gxf5 Bf6 21. Rf4 a6 22. Kf2 Bh4+ 23. Ke3 Bg5 24. Rg1 f6 25. Rxg5 fxg5 26. Rf1 Qf6 27. Kf2 Rae8 28. Kg1 b5 29. Ne3 Qd8 30. Qh5 Be4 31. Bxe4 Nxe4 32. Nc6 Qd6 33. Rc1 Nxd2 34. Qe2 Qf4 35. Qxd2 Rxe3 36. Rd1 Qg4+ 37. Kh1 Qf3+ 38. Kg1 Re2 0-1

[Event "POL-chT 2nd League"]
[Site "Wysowa"]
[Date "2003.09.13"]
[Round "10"]
[White "Papka, Sebastian"]
[Black "Mierzynski, Jaroslaw"]
[Result "1-0"]
[WhiteElo "2148"]
[BlackElo "2079"]
[PlyCount "94"]
[EventDate "2003.09.06"]
[EventType "team-swiss"]
[EventRounds "11"]
[EventCountry "POL"]
[SourceTitle "CBM 096 Extra"]
[Source "ChessBase"]
[SourceDate "2003.10.22"]
[SourceVersion "2"]
[SourceVersionDate "2003.10.20"]
[SourceQuality "1"]
[WhiteTeam "Torun Torfarm 64"]
[BlackTeam "Wschowa Hetman"]
[WhiteTeamCountry "POL"]
[BlackTeamCountry "POL"]

1. d4 d5 2. Nf3 e6 3. e3 f5 4. Bd3 Nf6 5. 0-0 Be7 6. Ne5 0-0 7. f4 Nbd7 8. b3 Ne4 9. Ba3 Nxe5 10. Bxe7 Qxe7 11. fxe5 Bd7 12. Bxe4 fxe4 13. Rxf8+ Rxf8 14. Qe2 Qg5 15. Nd2 c5 16. c4 b6 17. Rf1 Rxf1+ 18. Nxf1 Bc6 19. cxd5 Bxd5 20. Qb5 Qe7 21. Ng3 cxd4 22. exd4 h6 23. Qe2 Qg5 24. Nf1 Qc1 25. Qd2 Qb1 26. Kf2 Kf7 27. Ne3 Kg6 28. h3 Kh7 29. Nf1 Qa1 30. Ne3 Kg6 31. Nd1 b5 32. Ke2 b4 33. Qb2 Qxb2+ 34. Nxb2 Kf7 35. Na4 h5 36. g3 Kg6 37. Ke3 Kf7 38. Nc5 a5 39. Na4 g5 40. Nb6 g4 41. h4 Kg6 42. Kf4 Kh6 43. Na4 Kg6 44. Nc5 Kh6 45. Nxe4 a4 46. bxa4 Bxa2 47. Nc5 Bc4 1-0

[Event "POL-chT 2nd League"]
[Site "Wysowa"]
[Date "2003.09.10"]
[Round "7"]
[White "Malecki, Rafal"]
[Black "Papka, Sebastian"]
[Result "1-0"]
[WhiteElo "2201"]
[BlackElo "2148"]
[PlyCount "71"]
[EventDate "2003.09.06"]
[EventType "team-swiss"]
[EventRounds "11"]
[EventCountry "POL"]
[SourceTitle "CBM 096 Extra"]
[Source "ChessBase"]
[SourceDate "2003.10.22"]
[SourceVersion "2"]
[SourceVersionDate "2003.10.20"]
[SourceQuality "1"]
[WhiteTeam "Chroscice Victoria"]
[BlackTeam "Torun Torfarm 64"]
[WhiteTeamCountry "POL"]
[BlackTeamCountry "POL"]

1. e4 e6 2. d3 d5 3. Nd2 Nf6 4. Ngf3 c5 5. g3 Nc6 6. Bg2 Be7 7. 0-0 0-0 8. e5 Nd7 9. Re1 Qc7 10. Qe2 b5 11. h4 Nb6 12. Nf1 Bd7 13. N1h2 f6 14. Bf4 f5 15. Bg5 Bxg5 16. hxg5 Be8 17. Nh4 b4 18. f4 Nd4 19. Qf2 Na4 20. Rab1 Bh5 21. Qd2 Rab8 22. Nf1 Rfd8 23. Qf2 a5 24. Ne3 g6 25. Kh2 Nb5 26. Bh3 Nb6 27. g4 fxg4 28. Bxg4 Bxg4 29. Nxg4 a4 30. Nf6+ Kh8 31. Nxg6+ Kg7 32. Qh4 h5 33. gxh6+ Kf7 34. Qh5 Nd4 35. Nh8+ Kf8 36. Rg1 1-0

[Event "POL-chT 2nd League"]
[Site "Wysowa"]
[Date "2003.09.10"]
[Round "6"]
[White "Papka, Sebastian"]
[Black "Betkowski, Andrzej"]
[Result "0-1"]
[WhiteElo "2148"]
[BlackElo "2217"]
[PlyCount "99"]
[EventDate "2003.09.06"]
[EventType "team-swiss"]
[EventRounds "11"]
[EventCountry "POL"]
[SourceTitle "CBM 096 Extra"]
[Source "ChessBase"]
[SourceDate "2003.10.22"]
[SourceVersion "2"]
[SourceVersionDate "2003.10.20"]
[SourceQuality "1"]
[WhiteTeam "Torun Torfarm 64"]
[BlackTeam "Krakow Korona"]
[WhiteTeamCountry "POL"]
[BlackTeamCountry "POL"]

1. d4 e6 2. c4 f5 3. Nf3 Nf6 4. Bg5 b6 5. Nc3 Bb4 6. Qc2 Bb7 7. Nd2 0-0 8. f3 d6 9. e4 fxe4 10. fxe4 Nbd7 11. 0-0-0 Bxc3 12. Qxc3 Bxe4 13. Re1 Bf5 14. h3 h6 15. Bxf6 Qxf6 16. g4 Bh7 17. Bg2 Rae8 18. Rhf1 Qg5 19. Bc6 Rxf1 20. Rxf1 Rf8 21. Re1 Nb8 22. Be4 Bxe4 23. Rxe4 Rf6 24. Kc2 Nd7 25. Qg3 e5 26. h4 Qg6 27. h5 Qf7 28. g5 hxg5 29. Qxg5 exd4 30. Rxd4 Nc5 31. Rg4 Ne6 32. Qd5 Rf5 33. Qa8+ Kh7 34. Qe4 Nc5 35. Qg2 Rxh5 36. Kb1 a5 37. Nf3 Ne6 38. a3 Rf5 39. Rh4+ Kg8 40. Qh3 Kf8 41. Nd4 Nxd4 42. Rxd4 Rf1+ 43. Ka2 Qf5 44. Qh4 g5 45. Qh6+ Ke8 46. Qg7 Kd8 47. Rd5 Qb1+ 48. Kb3 Rf3+ 49. Ka4 Qc2+ 50. Kb5 0-1

[Event "POL-ch sf U20"]
[Site "Ostrow Wielkopolski"]
[Date "1996.??.??"]
[Round "8"]
[White "Zawadzki, Stanislaw"]
[Black "Papka, Sebastian"]
[Result "1-0"]
[WhiteElo "1930"]
[BlackElo "2000"]
[PlyCount "133"]
[EventDate "1996.??.??"]
[EventType "swiss"]
[EventRounds "9"]
[EventCountry "POL"]
[SourceTitle "EXT 2006"]
[Source "ChessBase"]
[SourceDate "2005.11.24"]
[SourceVersion "1"]
[SourceVersionDate "2005.11.24"]
[SourceQuality "1"]

1. e4 g6 2. d4 Bg7 3. Nc3 d6 4. f3 e5 5. d5 Ne7 6. Be3 c5 7. Qd2 h5 8. h4 a6 9. a4 Qa5 10. Nb1 Qc7 11. Na3 Bd7 12. Nc4 b6 13. f4 Nc8 14. fxe5 dxe5 15. Nf3 Nd6 16. Nxd6+ Qxd6 17. c4 0-0 18. Bd3 a5 19. 0-0 Na6 20. Bh6 Nb4 21. Bxg7 Kxg7 22. Be2 f5 23. Qg5 Qf6 24. Qxf6+ Kxf6 25. Ng5 Nc2 26. Nh7+ Ke7 27. Nxf8 Rxf8 28. Rac1 Bxa4 29. Bd1 Nd4 30. Bxa4 Ne2+ 31. Kh2 Nxc1 32. Rxc1 fxe4 33. Re1 Rf4 34. Bb5 Rxh4+ 35. Kg1 Rg4 36. Re3 g5 37. Ba4 h4 38. Bc2 Kd6 39. Rxe4 Rg3 40. Kf2 b5 41. cxb5 Kxd5 42. Ra4 c4 43. Rxa5 Kc5 44. b6+ Kxb6 45. Rxe5 Kc6 46. Re3 Rg4 47. Re4 Rg3 48. Rxc4+ Kb5 49. Re4 Kb6 50. b4 Ra3 51. Bd1 h3 52. gxh3 Rxh3 53. Be2 Rb3 54. Re6+ Kc7 55. b5 g4 56. Rg6 Rb4 57. Rxg4 Rb2 58. Rg6 Rb3 59. Rc6+ Kb7 60. Ke1 Rb2 61. Kd1 Ka7 62. Rc2 Rb1+ 63. Kd2 Rb3 64. Rc3 Rb2+ 65. Ke3 Kb6 66. Rc6+ Ka5 67. Bd3 1-0